000 00633nam a22002177a 4500
005 20240229162516.0
008 230816b |||||||| |||| 00| 0 eng d
020 _a9788193415757
_cRs.599.00
040 _aLoreto College
041 _aEnglish
082 _a327.1(I)
_bCHA
100 _aChatterjee, Aneek
245 _aNeighbours, major powers and Indian foreign policy
_cAneek Chatterjee
260 _aHyderabad
_bOrient Blackswan
_c2017
300 _a250p.
_b24cm.
504 _aIncludes bibliography and index
650 _aIndia-Foreign relations--21st century.
651 _aIndia
850 _aLCLIB
942 _cBK
999 _c43467
_d93946